Julio Verne : (Registro nro. 8858)
[ vista simple ]
| 000 -LIDER | |
|---|---|
| fixed length control field | 00990nam a22003377a 4500 |
| 001 - NÚMERO DE CONTROL | |
| Identificador de número de control | 31392 |
| 003 - IDENTIFICACDOR DE NÚMERO DE CONTROL | |
| control field | DO-SdBNP |
| 005 - DATE AND TIME OF LATEST TRANSACTION | |
| control field | 20241017110436.0 |
| 007 - CAMPOS FIJOS DE DESCRIPCIÓN FÍSICA | |
| fixed length control field | 31392 |
| 008 - ELEMENTOS DE LONGITUD FIJA | |
| fixed length control field | 881205s1987 sp c spa |
| 016 7# - NO. DE CONTROL DE LA AGENCIA BIB. NACIONAL | |
| Source | BPMSU |
| 020 ## - ISBN | |
| International Standard Book Number | 8476349831 |
| 040 ## - FUENTE DE CATALOGACIÓN | |
| Agencia que crea de manera original el registro | BPMSU |
| Idioma de catalogación | spa |
| Agencia que realiza la transcripción | BPMSU |
| 082 #4 - NÚMERO DE CLASIFICACIÓN DECIMAL DE DEWEY | |
| Classification number | 843.8 |
| Item number | V531J 1987 |
| Edition number | 22 |
| 092 ## - LOCALLY ASSIGNED DEWEY DECIMAL CALL NUMBER | |
| Número de clasificación | 843.8 |
| Número de ítem (Cutter) | V531p |
| 100 1# - ASIENTO PRINCIPAL -- NOMBRE PERSONAL | |
| Nombre personal | Verne, Julio |
| Fechas asociadas con el nombre | 1828-1905 |
| 245 10 - MENCIÓN DE TITULO | |
| Título | Julio Verne : |
| Subtítulo | El país de las pieles / |
| Mención de responsabilidad | Julio Verne ; traducción, Carlos de Pineda |
| 260 1# - PUBLICACIÓN, DISTRIBUCIÓN, ETC. (PIE DE IMPRENTA) | |
| Lugar de publicación, distribución, etc | Barcelona : |
| Nombre del editor, distribuidor, etc. | Ediciones Orbis, |
| Fecha de publicación, distribución, etc | 1987 |
| 300 ## - DESCRIPCIÓN FÍSICA | |
| Extensión | v. |
| Otros detalles físicos | il. |
| Dimensiones | 20 cm |
| 490 ## - MENCIÓN DE SERIES | |
| Mención de serie | Julio Verne, |
| Volume/sequential designation | 36 |
| 500 ## - NOTA GENERAL | |
| Nota general | |
| 500 ## - NOTA GENERAL | |
| Nota general | |
| 534 ## - NOTA SOBRE LA VERSIÓN ORIGINAL | |
| Frase introductoria | Título original : |
| Mención del título original | Le pays des fourrures . |
| 590 ## - NOTA LOCAL | |
| Texto de la nota local | Inventariado, 2024/VM |
| 650 #4 - ENCABEZAMIENTO DE MATERIA--TEMÁTICO | |
| Término temático o nombre geográfico como elemento de entrada | Novela juvenil francesa |
| 650 #4 - ENCABEZAMIENTO DE MATERIA--TEMÁTICO | |
| Término temático o nombre geográfico como elemento de entrada | Literatura juvenil francesa |
| 700 1# - ASIENTO SECUNDARIO -- NOMBRE PERSONAL | |
| Nombre personal | Pineda, Carlos de |
| Término de relación | traductor |
| 700 12 - ASIENTO SECUNDARIO -- NOMBRE PERSONAL | |
| Nombre personal | Beaurepaire, André |
| Fechas asociadas con el nombre | 1924-2012 |
| 910 ## - VALIDACIÓN | |
| Validación | VMateo V. Control de calidad BPMSU |
| 942 ## - ADDED ENTRY ELEMENTS (KOHA) | |
| Source of classification or shelving scheme | Dewey Decimal Classification |
| Koha item type | Libros |
| Withdrawn status | Lost status | Source of classification or shelving scheme | Damaged status | Not for loan | Collection code | Home library | Current library | Date acquired | Source of acquisition | Total Checkouts | Full call number | Barcode | Date last seen | Copy number | Price effective from | Koha item type |
|---|---|---|---|---|---|---|---|---|---|---|---|---|---|---|---|---|
| Dewey Decimal Classification | Colección Juvenil General | Biblioteca Pública Metropolitana Salomé Ureña | Biblioteca Pública Metropolitana Salomé Ureña | 11/27/2015 | FUNDI | BPMSU CJG 843.8 V531J 1987 | BPMSU15110518 | 11/27/2015 | v.36 | 11/27/2015 | Libros |